Pokoj rezbára

Bibliographic Details
Main Author: Háber, Stanislav, 1966- (Author)
Other Authors: Suchaničová, Júlia (Illustrator)
Format: Book
Language:Slovak
PhysicalDescription:98 s. ilustr. 15 cm
Published: Pezinok Formát 1998
ISBN:8096791141
Subjects:

MARC

LEADER 00000nam a2200000 a 4500
001 vtls001355119
003 SK-MaSNL
005 20260301010504.0
008 241209s1998 xo a g 000 p slo
015 |a SNBA1999/04-01364 
020 |a 8096791141 
035 |a SNK000308576 
035 |a urn:nbn:sk:snk-am3hoci 
035 |a 408CD21E-A2B6-4CA3-B6F9-79BB0F368257 
035 |a urn:nbn:sk:snk-am00cvbx 
040 |a SNK  |b slo  |c SNK  |e AACR2 
041 0 |a slo 
044 |a xo  |c SK 
080 |a 885.4-1  |2 1981 
100 1 |a Háber, Stanislav,  |d 1966-  |4 aut  |9 102624 
245 1 0 |a Pokoj rezbára  |c Stanislav Háber ; [ilustr. Júlia Suchaničová] 
260 |a Pezinok  |b Formát  |c 1998 
300 |a 98 s.  |b ilustr.  |c 15 cm 
500 |a Ilustr. na front. 
655 7 |a slovenská poézia  |2 SNKPH  |9 70444 
700 1 |a Suchaničová, Júlia  |4 ill  |9 292384 
919 |a 80-967911-4-1 
954 |a beletria pôvodná (slovenská)  |2 lita 
958 |a TL 
958 |a LX 
958 |a SK 
999 |c 548238  |d 550168 
952 |t P60, <03>, [BOOK], {603}  |a SNK  |b SNK  |y PREZ  |7 0  |p 17A0181631  |o snkSE 9590  |i snkKSP 1525/99  |0 0  |1 0  |4 0  |d 1999-02-16  |f 1  |l 0  |r 2005-01-02 00:00:00  |w 2026-02-23 
952 |t P60, <04>, [BOOK], {604}  |a SNK  |b SNK  |y VYP  |7 0  |p 17A0181630  |o snkSE 9590 D1  |i snkKSP 1526/99  |0 0  |1 0  |4 0  |d 1999-02-16  |l 0  |r 2005-01-02 00:00:00  |w 2026-02-23